000 00815cab a2200253 4500
001 WB2926-16
008 090401t1993 xxu||||| |||| 00| 0 eng d
035 _a(Sirsi) u67768
041 _aeng
245 _aShortage of warehouse space looms
260 _c1993
350 _a0
490 _aBirmingham Post
_v8 July 1993, 19(1)
520 _aDTZ Debenham Thorpe, Birmingham predict that with demand for industrial and warehouse space in the West Midlands starting to rise sharply there could be shortages in 1994.
650 _aINDUSTRIAL MARKET
650 _aINDUSTRIAL SPACE
650 _aSHORTAGE
650 _aSUPPLY AND DEMAND
650 _aWAREHOUSE SPACE
650 _aWEST MIDLANDS
690 _aPROPERTY-COMMERCIAL PROPERTY-COMMERCIAL PROPERTY MARKET
942 _n0
948 _c04/03/1997
999 _c42445
_d42445